NHL Team Captains Quiz - Statistics

General Stats
  • This quiz has been taken 712 times
  • The average score is 15 of 31
Answer Stats
Team Captain % Correct
Anaheim Ducks Ryan Getzlaf
79%
Edmonton Oilers Connor McDavid
78%
Boston Bruins Zdeno Chara
76%
Pittsburgh Penguins Sidney Crosby
75%
Washington Capitals Alexander Ovechkin
74%
Dallas Stars Jamie Benn
71%
Chicago Blackhawks Jonathan Toews
71%
Los Angeles Kings Anze Kopitar
66%
Tampa Bay Lightning Steven Stamkos
65%
Colorado Avalanche Gabriel Landeskog
64%
Florida Panthers Aleksander Barkov Jr
58%
Montreal Canadiens Shea Weber
58%
Buffalo Sabers Jack Eichel
57%
Nashville Predators Roman Josi
57%
Philadelphia Flyers Claude Giroux
55%
Calgary Flames Mike Giordano
54%
Winnipeg Jets Blake Wheeler
52%
New York Islanders Anders Lee
47%
Arizona Coyotes Oliver Ekman-Larsson
44%
St.Louis Blues Alex Pietrangelo
43%
San Jose Sharks Joe Pavelski
41%
Columbus Blue Jackets Nick Foligno
38%
Minnesota Wild Mikko Koivu
34%
Carolina Hurricanes Justin Williams
29%
New Jersey Devils Andy Greene
26%
New York Rangers No Captain
17%
Ottawa Senators No Captain
17%
Toronto Maple Leafs No Captain
17%
Vancouver Canucks No Captain
17%
Vegas Golden Knights No Captain
17%
Detroit Red Wings Frans Nielson
2%
No matching quizzes found
Score Distribution
Percent of People with Each Score
Percentile by Number Answered
Your Score History
You have not taken this quiz